| 000 | 00606nam a2200181 a 4500 | ||
|---|---|---|---|
| 008 | 120416s1985 ||||||||||||||||| || u | ||
| 020 | _a0333372611 | ||
| 050 | _aZ 699 Lon | ||
| 100 | _aLongley, Dennis | ||
| 245 | 1 | 0 | _aMacmillan dictionary of information technology. -(2nd ed.) |
| 250 | _a2nd ed. | ||
| 260 |
_aLondon _bMacmillan _c1985 |
||
| 300 | _aviii, 400p. : ill. | ||
| 350 | _a0.00 | ||
| 650 | _aInformation technology - Dictionaries | ||
| 650 | _aINFORMATION | ||
| 995 |
_D0.00 _FCBU-MAIN LIBRARY (Kitwe) _H1 _I8.95 _M1 _UREFERENCE _ZReference Collection |
||
| 999 |
_c49593 _d49593 |
||